Návrh inovácie podnikateľského modelu diplomová práca

Gespeichert in:
Bibliographische Detailangaben
1. Verfasser: Pálfyová, Margaréta
Körperschaft: Fakulta podnikového manažmentu EU. Katedra manažmentu
Weitere Verfasser: Zagoršek, Branislav, 1984-
Format: Buch
Sprache:Slowakisch
Veröffentlicht: Bratislava 2024
Tags: Tag hinzufügen
Keine Tags, Fügen Sie das erste Tag hinzu!

MARC

LEADER 00000nbm a2200000 4500
001 0300926
005 20250211130148.7
041 0 |a slo 
044 |a SK 
245 1 0 |a Návrh inovácie podnikateľského modelu  |b diplomová práca  |c Margaréta Pálfyová ; školiteľ: Branislav Zagoršek 
264 1 |a Bratislava  |c 2024 
300 |a 85 s. 
100 1 |a Pálfyová, Margaréta 
700 1 |a Zagoršek, Branislav, 1984- 
710 2 |a Fakulta podnikového manažmentu EU. Katedra manažmentu